| 000 | 00731cam a2200157 4500500 | ||
|---|---|---|---|
| 005 | 20260111090316.0 | ||
| 041 | _afre | ||
| 042 | _adc | ||
| 100 | 1 | 0 |
_aHirrien, Hubert _eauthor |
| 245 | 0 | 0 | _aPierre Claverie |
| 260 | _c2002. | ||
| 500 | _a79 | ||
| 520 | _aRésuméL’Eglise ne peut négliger sa vocation diaconale – c’est-à-dire le souci de prendre soin de l’humanité, gratuitement, sans mettre au départ de conditions ni en attendre quelque rétribution que ce soit –, sous peine d’affadir considérablement le message qu’elle porte. | ||
| 786 | 0 | _nÉtudes | 396 | 3 | 2002-03-01 | p. 408c-414c | 0014-1941 | |
| 856 | 4 | 1 | _uhttps://shs.cairn.info/revue-etudes-2002-3-page-408c?lang=fr&redirect-ssocas=7080 |
| 999 |
_c1618768 _d1618768 |
||